Statistics for Countries that border the G7

Click here to take the quiz!

General Stats

  • This quiz has been taken 30 times
  • The average score is 15 of 19

Answer Stats

Answer% Correct
Mexico
96%
Spain
93%
Switzerland
93%
Andorra
89%
Austria
89%
Belgium
89%
Denmark
89%
Poland
89%
San Marino
89%
the Netherlands
89%
Ireland
86%
Luxembourg
86%
Monaco
82%
Slovenia
82%
Vatican City
82%
Czechia
79%
Brazil
57%
Suriname
57%
Cyprus
25%

Score Distribution

Percentile by Number Answered

Percent of People with Each Score

Your Score History

You have not taken this quiz